México en el espacio germanoparlante, 1910-1945 : facetas de una representación /

Bibliographic Details
Other Authors: Barreiro, Emma Julieta (Editor), Hausberger, Bernd (Editor)
Format: Electronic eBook
Language:Spanish
Published: Ciudad de México, México : El Colegio de México, 2025.
Edition:Primera edición electrónica.
Subjects:
Online Access:Digitalia Hispánica

MARC

LEADER 00000nam a2200000Ii 4500
001 DIGCOLMX0593
003 NyNyDIG
006 m o d
007 cr |||||||||||
008 251202s2025 mx a ob 000 0 spa d
035 |a (OCoLC)1531378819 
040 |a DGITA  |b eng  |e rda  |e pn  |c DGITA 
020 |a 9786075647180  |q electrónico 
020 |z 9786075646336  |q impreso 
043 |a n-mx--- 
050 1 4 |a F1234 ebook 
245 0 0 |a México en el espacio germanoparlante, 1910-1945 :  |b facetas de una representación /  |c Emma Julieta Barreiro, Bernd Hausberger (coordinadores). 
250 |a Primera edición electrónica. 
264 1 |a Ciudad de México, México :  |b El Colegio de México,  |c 2025. 
300 |a 1 online resource :  |b illustrations. 
336 |a text  |b txt  |2 rdacontent 
337 |a computer  |b c  |2 rdamedia 
338 |a online resource  |b cr  |2 rdacarrier 
347 |a text file  |2 rdaft 
347 |b EPUB 
504 |a Includes bibliographical references. 
588 0 |a Online resource; title from ePub title page (Digitalia, viewed December 2, 2025) 
650 0 |a Motion pictures  |z Mexico  |x History  |y 20th century. 
650 0 |a Authors, German  |z Mexico  |x Foreign public opinion. 
651 0 |a Mexico  |x History  |y 1910-1946. 
700 1 |a Barreiro, Emma Julieta,  |e editor. 
700 1 |a Hausberger, Bernd,  |e editor. 
776 0 8 |i Print version:  |t México en el espacio germanoparlante, 1910-1945.  |b Primera edición impresa.  |d Ciudad de México, México : El Colegio de México, 2024  |z 9786075646336 
791 2 |a Digitalia (Firm),  |e distributor. 
793 0 |g Digitalia eBook Collection:  |a El Colegio de México 
856 4 0 |3 Digitalia Hispánica  |u https://www.digitaliapublishing.com/a/180827/ 
910 |a Premium collection: 2025